000 00706nam a2200229Ia 4500
001 8875
003 GE_BSU
008 181216s||||||||xx |||||||||||||| ||und||
040 _cGE_BSU
080 _a821.353.1–1
100 _aკალანდაძე,გ.
245 _aუკვდავთა სავანეთში
245 _bლექსები
245 _cრედ.გ.ჯულუხიძე;მხატვ.ზ. დეისაძე
260 _aთბილისი
260 _bმერანი
260 _c1972
300 _a83გვ.20სმ.
653 _aლექსები
653 _aუკვდავთა სავანეთში
942 _cBK
999 _c42182
_d42182